[Event "East Lansing (MI Op/7/22)"]
[Site "?"]
[Date "1995.??.??"]
[Round "?"]
[White "Robbins, Fred"]
[Black "June, Brian"]
[Result "1-0"]
[WhiteElo "1990"]
[BlackElo "1800"]
[PlyCount "81"]
[EventDate "1995.??.??"]

{7/(22)} 1. f4 Nf6 2. b3 b6 3. e3 Bb7 4. Nf3 g6 5. Bb2 Bg7 6. Be2 O-O 7. O-O c5
8. c4 d5 9. Na3 e6 10. Nc2 Nc6 11. Rc1 Qc7 12. Ne5 dxc4 13. bxc4 Rad8 14. Bf3
Nxe5 15. Bxe5 Qd7 16. d4 Bxf3 17. Qxf3 Qa4 18. Qe2 Ne4 19. Bxg7 Kxg7 20. Qd3
Nd6 21. Na3 Qd7 22. dxc5 bxc5 23. Rfd1 Qe7 24. Qc3+ Qf6 25. Qa5 Ne4 26. Nb5
Rxd1+ 27. Rxd1 Qb2 28. Qe1 a6 29. Nc7 Qxa2 30. Ra1 Qxc4 31. Rxa6 Rd8 32. h3 Qd3
33. Qh4 Rd7 34. Ne8+ Kf8 35. Ra8 Qxe3+ 36. Kh2 Qg3+ 37. Qxg3 Nxg3 38. Nf6+ Ke7
39. Nxd7 Nf1+ 40. Kg1 Kxd7 41. Kxf1 1-0

[Event "East Lansing (MOR/5/20)"]
[Site "?"]
[Date "1995.??.??"]
[Round "?"]
[White "Richter, William"]
[Black "Sattler, Peter"]
[Result "1/2-1/2"]
[WhiteElo "1605"]
[BlackElo "1775"]
[PlyCount "114"]
[EventDate "1995.??.??"]

{5/(20)} 1. d4 d5 2. e4 dxe4 3. Nc3 e6 4. Nxe4 Nc6 5. Bb5 Bd7 6. Nf3 Nf6 7. Bg5
Be7 8. Nxf6+ Bxf6 9. Be3 O-O 10. Bd3 Re8 11. Qd2 e5 12. dxe5 Nxe5 13. Nxe5 Bxe5
14. O-O-O Qf6 15. c3 h6 16. Qc2 Be6 17. Bh7+ Kh8 18. Kb1 g6 19. Bxg6 fxg6 20.
Ka1 Bf5 21. Qb3 b6 22. f4 Bd6 23. Bd4 Be5 24. fxe5 Qe6 25. Qxe6 Rxe6 26. h3 c5
27. Be3 Kg7 28. Rd7+ Kg8 29. Bxh6 Rxe5 30. Rd6 Rae8 31. a3 Re1+ 32. Rxe1 Rxe1+
33. Ka2 c4 34. a4 Bc2 35. Bd2 Rd1 36. Bf4 Bb3+ 37. Ka3 Ra1+ 38. Kb4 Rxa4+ 39.
Kb5 Ra5+ 40. Kc6 Bc2 41. Rd4 Bd3 42. Bb8 Ra2 43. Rd8+ Kf7 44. Rd7+ Kf6 45. Bxa7
Rxb2 46. Bxb6 Rxg2 47. h4 Rh2 48. Rh7 Kf5 49. Kd6 Kg4 50. Bd8 Kf3 51. Kc5 Ke2
52. Kd4 Kd2 53. Be7 Rh3 54. Bg5+ Kc2 55. Re7 Rg3 56. Bf6 Rg4+ 57. Kc5 Re4
1/2-1/2

[Event "East Lansing (MOR/2/25)"]
[Site "?"]
[Date "1995.??.??"]
[Round "?"]
[White "Richter, William"]
[Black "Post, Robert"]
[Result "1-0"]
[WhiteElo "1605"]
[BlackElo "1750"]
[PlyCount "59"]
[EventDate "1995.??.??"]

{2/(25)} 1. d4 g6 2. Nc3 Nf6 3. e4 d6 4. Bg5 Bg7 5. Qd2 O-O 6. O-O-O c6 7. Bh6
b5 8. Bxg7 Kxg7 9. h4 h5 10. e5 Ne8 11. Ne4 Bd7 12. exd6 Nxd6 13. Nxd6 exd6 14.
Qc3 d5 15. Be2 a5 16. Qg3 Kh8 17. Nh3 Bxh3 18. Rxh3 Qe7 19. Bd3 Nd7 20. Qf4 Kh7
21. g4 hxg4 22. Qxg4 f5 23. Qg3 Nf6 24. h5 Nxh5 25. Rdh1 Qf7 26. Be2 Kh6 27.
Bxh5 gxh5 28. Qd6+ Qg6 29. Rxh5+ Kg7 30. Qe5+ 1-0

[Event "East Lansing (MOR/7/32)"]
[Site "?"]
[Date "1995.??.??"]
[Round "?"]
[White "Richter, William"]
[Black "Charette, B."]
[Result "1-0"]
[WhiteElo "1605"]
[BlackElo "1605"]
[PlyCount "61"]
[EventDate "1995.??.??"]

{7/(32)} 1. d4 d5 2. e4 dxe4 3. Nc3 Nf6 4. f3 Bf5 5. fxe4 Nxe4 6. Qf3 Nxc3 7.
Qxf5 Nd5 8. Nh3 e6 9. Qf3 Bb4+ 10. Bd2 Bxd2+ 11. Kxd2 O-O 12. Re1 Nc6 13. c3
Qf6 14. Qe4 Rfe8 15. Bd3 Qh6+ 16. Kc2 Nf6 17. Qf3 Rad8 18. g4 g5 19. Ref1 Kg7
20. Ng1 Rxd4 21. Qxf6+ Qxf6 22. Rxf6 Rxd3 23. Rf2 Rd7 24. Nf3 h6 25. h4 gxh4
26. Rxh4 e5 27. g5 hxg5 28. Nxg5 f6 29. Ne4 Kg6 30. Nxf6 Rf8 31. Rg4+ 1-0

[Event "Grand Rapids (MI Am/4/23)"]
[Site "?"]
[Date "1995.??.??"]
[Round "?"]
[White "Richter, William"]
[Black "Atkins, R."]
[Result "1-0"]
[WhiteElo "1605"]
[BlackElo "1605"]
[PlyCount "53"]
[EventDate "1995.??.??"]

{4/(23)} 1. d4 e6 2. e4 c5 3. Be3 cxd4 4. Bxd4 d5 5. Nc3 Bb4 6. Bxg7 Be7 7.
Bxh8 f6 8. Qd2 Bf8 9. Bb5+ Bd7 10. Bxd7+ Nxd7 11. exd5 e5 12. Nf3 Bh6 13. Qd3
Qe7 14. d6 Qf8 15. Nb5 Rd8 16. Nc7+ Kf7 17. Qd5+ Kg6 18. Nh4+ Kh5 19. Ne6 Nb6
20. Qe4 Bd2+ 21. Kf1 Bg5 22. Nxf8 Rxf8 23. g3 Rf7 24. Qf3+ Kh6 25. Nf5+ Kg6 26.
h4 e4 27. h5# 1-0

[Event "Eastpointe (EDO/1/16)"]
[Site "?"]
[Date "1995.??.??"]
[Round "?"]
[White "Richert, C."]
[Black "Carvell, John"]
[Result "0-1"]
[WhiteElo "1605"]
[BlackElo "1605"]
[PlyCount "50"]
[EventDate "1995.??.??"]

{1/(16)} 1. e4 e5 2. Nf3 Nc6 3. Bb5 a6 4. Bc4 Nf6 5. d3 Bc5 6. O-O b5 7. Bb3
O-O 8. Nc3 d6 9. Bg5 h6 10. Bd5 hxg5 11. Bxc6 Rb8 12. Nxg5 Rb6 13. Bd5 Nxd5 14.
Nxd5 Qxg5 15. Nxb6 cxb6 16. Qf3 d5 17. Rad1 dxe4 18. dxe4 f5 19. Rd2 Qxd2 20.
Qb3+ Rf7 21. exf5 Bxf5 22. c3 Qf4 23. g3 Qf3 24. Rd1 Qxf2+ 25. Kh1 Be4# 0-1

[Event "Gaylord (NMO/5/12)"]
[Site "?"]
[Date "1995.??.??"]
[Round "?"]
[White "Revnell, Joseph"]
[Black "Priebe, Raymond"]
[Result "1-0"]
[WhiteElo "1605"]
[BlackElo "1605"]
[PlyCount "105"]
[EventDate "1995.??.??"]

{5/(12)} 1. d4 Nf6 2. Nf3 e6 3. e3 b6 4. c4 Bb7 5. Nbd2 c5 6. b3 cxd4 7. Nxd4
Bb4 8. a3 Bc3 9. Ra2 Ne4 10. Bd3 Qf6 11. O-O Nxd2 12. Bxd2 Bxd4 13. exd4 Qxd4
14. Be3 Qd6 15. Qc2 Qc6 16. f3 d5 17. Bxh7 dxc4 18. Be4 Qc7 19. g3 Bxe4 20.
Qxe4 Nc6 21. Qxc4 Rc8 22. Rc1 Ke7 23. Rac2 Qd7 24. Qf4 f6 25. Rd2 Qc7 26. Qc4
Qe5 27. Bf4 Qh5 28. Qa4 Qxf3 29. Rdc2 Qh5 30. h4 g5 31. Rxc6 Rcd8 32. Qxa7+ Kf8
33. Rxe6 Rh7 34. Qxb6 Rd1+ 35. Re1 Rxe1+ 36. Rxe1 gxf4 37. Qxf6+ Rf7 38. Qd8+
Kg7 39. Qg5+ Qxg5 40. hxg5 f3 41. Kf2 Kg6 42. Re3 Kxg5 43. Rxf3 Rd7 44. b4 Rd2+
45. Ke3 Ra2 46. Kd3 Rxa3+ 47. Ke4 Ra1 48. Rb3 Kg4 49. b5 Kg5 50. b6 Ra8 51. b7
Rb8 52. Kd5 Rd8+ 53. Kc6 1-0

[Event "Gaylord (NMO/3/3)"]
[Site "?"]
[Date "1995.??.??"]
[Round "?"]
[White "Revnell, Joseph"]
[Black "LaForge, Tom"]
[Result "0-1"]
[WhiteElo "1605"]
[BlackElo "1960"]
[PlyCount "56"]
[EventDate "1995.??.??"]

{3/(3)} 1. d4 e6 2. Nf3 d5 3. e3 c5 4. c4 Nf6 5. a3 b6 6. Nbd2 Be7 7. b3 cxd4
8. Nxd4 O-O 9. Bb2 Bb7 10. Qc2 Nbd7 11. N4f3 Rc8 12. Bc3 Qc7 13. Nd4 Rfd8 14.
Nb5 Qb8 15. Qb2 Bf8 16. Nf3 Ne4 17. Ne5 Nxc3 18. Nxd7 Rxd7 19. Nxc3 d4 20. exd4
Rxd4 21. Ne2 Rd7 22. Rd1 Rxd1+ 23. Kxd1 Qd6+ 24. Kc1 Rd8 25. Nc3 Qd4 26. f3
Bxa3 27. Qxa3 Qxc3+ 28. Kb1 Rd1+ 0-1

[Event "East Lansing (MOR/6/27)"]
[Site "?"]
[Date "1995.??.??"]
[Round "?"]
[White "Repas, B."]
[Black "Smith, Robert"]
[Result "0-1"]
[WhiteElo "1605"]
[BlackElo "1760"]
[PlyCount "122"]
[EventDate "1995.??.??"]

{6/(27)} 1. c4 Nf6 2. d4 e6 3. Nc3 d5 4. b3 Bb4 5. Bd2 Nbd7 6. c5 c6 7. a3 Bxc3
8. Bxc3 Ne4 9. Bb2 O-O 10. Nf3 Ndf6 11. h3 Nxf2 12. Kxf2 Ne4+ 13. Ke1 Qc7 14.
Ne5 f6 15. e3 fxe5 16. Bd3 Qf7 17. Rf1 Nf2 18. Qe2 Nxd3+ 19. Qxd3 Qe7 20. Ke2
e4 21. Qd2 Bd7 22. Rae1 Qg5 23. Rf2 Rxf2+ 24. Kxf2 Rf8+ 25. Kg1 Rf6 26. Rf1 Rh6
27. Qf2 Rf6 28. Qe2 Rf5 29. b4 Qg3 30. Qe1 Qg5 31. Bc1 Be8 32. h4 Qh6 33. Qg3
Rxf1+ 34. Kxf1 Qf6+ 35. Qf2 Qf5 36. g3 Bh5 37. Kg1 Bf3 38. Qh2 Bg4 39. Qf2 Qf3
40. Qxf3 exf3 41. Kf2 Kf7 42. a4 Kf6 43. b5 Kf5 44. a5 a6 45. bxc6 bxc6 46. Bd2
Ke4 47. Bc3 Kd3 48. Bb2 h6 49. Ba3 Kc2 50. Bb4 g5 51. hxg5 hxg5 52. Be1 Kd3 53.
Bb4 Bh5 54. Ba3 g4 55. Bb2 Kc4 56. Bc1 e5 57. Bb2 Kb4 58. dxe5 Kxc5 59. Bd4+
Kc4 60. Bb6 c5 61. e6 Kb4 0-1

[Event "East Lansing (MOR/2/47)"]
[Site "?"]
[Date "1995.??.??"]
[Round "?"]
[White "Repas, B."]
[Black "Hogarth, Frank"]
[Result "1-0"]
[WhiteElo "1605"]
[BlackElo "1605"]
[PlyCount "82"]
[EventDate "1995.??.??"]

{2/(47)} 1. e4 e5 2. Nf3 Nc6 3. Nc3 Nf6 4. Bb5 Na5 5. Nxe5 Bd6 6. Nf3 O-O 7.
O-O c6 8. Ba4 b5 9. e5 Ne8 10. exd6 Nxd6 11. Bb3 Nab7 12. a3 a6 13. d3 c5 14.
Bg5 Qc7 15. Nd5 Qb8 16. Re1 Na5 17. Ba2 Nf5 18. Ne7+ Nxe7 19. Rxe7 Nc6 20. Re4
d5 21. Bxd5 Bb7 22. Qe2 Qa7 23. Bxc6 Bxc6 24. Re7 Qb6 25. Qe3 Bd5 26. Re1 Qc6
27. Ne5 Qd6 28. c4 f6 29. Nd7 Rf7 30. Re8+ Rxe8 31. Qxe8+ Rf8 32. Nxf8 Bf7 33.
Qe7 Qxd3 34. Be3 Qxc4 35. Qxc5 Qa2 36. Nd7 h6 37. Qf8+ Kh7 38. Nxf6+ gxf6 39.
Qxh6+ Kg8 40. Bd4 Qd5 41. Bxf6 Qd2 1-0

[Event "East Lansing (MOR/4/36)"]
[Site "?"]
[Date "1995.??.??"]
[Round "?"]
[White "Repas, B."]
[Black "Andreas, L."]
[Result "1-0"]
[WhiteElo "1605"]
[BlackElo "1605"]
[PlyCount "65"]
[EventDate "1995.??.??"]

{4/(36)} 1. c4 e5 2. Nc3 Nf6 3. g3 c6 4. Bg2 d5 5. cxd5 cxd5 6. Nf3 Nc6 7. d3
Be7 8. O-O O-O 9. d4 e4 10. Ne5 Be6 11. Bf4 a6 12. f3 exf3 13. Bxf3 Nh5 14.
Bxh5 Bf6 15. Nxc6 bxc6 16. Bc1 Qb6 17. e3 c5 18. Na4 Qd8 19. Nxc5 Bh3 20. Rf2
Re8 21. Bf3 Bg5 22. e4 dxe4 23. Bxg5 Qxg5 24. Nxe4 Qe3 25. Nd6 Red8 26. Bxa8
Rxd6 27. Qe2 Qe6 28. Qxe6 fxe6 29. Bg2 Bf5 30. Re2 Rxd4 31. Rae1 Rd6 32. h3 Kf7
33. g4 1-0

[Event "East Lansing (MOR/7/43)"]
[Site "?"]
[Date "1995.??.??"]
[Round "?"]
[White "Renauer, D."]
[Black "Zydeck, B."]
[Result "0-1"]
[WhiteElo "1605"]
[BlackElo "1605"]
[PlyCount "102"]
[EventDate "1995.??.??"]

{7/(43)} 1. d4 d5 2. Nf3 Nc6 3. Nc3 Nf6 4. Bg5 e6 5. e4 dxe4 6. Nxe4 Be7 7. Bb5
Bd7 8. O-O Nxe4 9. Qd3 Nxg5 10. Nxg5 Bxg5 11. Rae1 {11.Re1 {Both Scoresheets}
O-O 12. Qe4 Re8 13. Bd3 g6 14. f4 Bh6 15. Re3 f5 16. Qf3 Rb8 17. Qh3 Kg7 18.
Rfe1 {18.Re1 {Both Scoresheets} Nxd4 19. c3 Bxf4 20. cxd4 Bxe3+ 21. Qxe3 Qe7
22. Qe5+ Kf7 23. Qxc7 a6 24. Re3 b5 25. Rh3 Rbc8 26. Rxh7+ Kf8 27. Rh8+ Kf7 28.
Rh7+ Kg8 29. Qa7 Kxh7 30. Qxa6 e5 31. Bxb5 Rc1+ 32. Kf2 Bxb5 33. Qxb5 exd4 34.
Qd5 Qe2+ 35. Kg3 Qe5+ 36. Qxe5 Rxe5 37. Kh4 Ra1 38. Kg5 Rxa2 39. Kf6 Ra6+ 40.
Kxe5 d3 41. Kd4 d2 42. Ke3 d1=Q 43. g3 Rb6 44. Kf2 Rxb2+ 45. Ke3 Qh1 46. Kf4
Rb3 47. Kg5 Qxh2 48. Kf6 Qxg3 49. Ke6 Kg7 50. Ke7 Rd3 51. Ke6 Qe3# 0-1

[Event "East Lansing (MOR/1b/28)"]
[Site "?"]
[Date "1995.??.??"]
[Round "?"]
[White "Renauer, D."]
[Black "Venia, Mike"]
[Result "0-1"]
[WhiteElo "1605"]
[BlackElo "1605"]
[PlyCount "88"]
[EventDate "1995.??.??"]

1. e4 Nf6 2. Nc3 d5 3. Bd3 e5 4. Nf3 Nc6 5. Bb5 Bg4 6. d3 a6 7. Ba4 b5 8. Bb3
dxe4 9. Nxe4 Nxe4 10. dxe4 Qxd1+ 11. Kxd1 Nd4 12. h3 Bxf3+ 13. gxf3 Nxf3 14. c4
O-O-O+ 15. Ke2 Nd4+ 16. Kf1 bxc4 17. Bxc4 Nc2 18. Bxa6+ Kb8 19. Rb1 Rd1+ 20.
Kg2 Rxh1 21. Kxh1 Bc5 22. Bc4 f6 23. Bb3 Nd4 24. Bd5 c6 25. b4 Ba7 26. Bc4 Rd8
27. f4 Nb5 28. Rb3 Rd1+ 29. Kg2 Rxc1 30. Bxb5 Rc2+ 31. Kg3 cxb5 32. Rd3 Bd4 33.
fxe5 fxe5 34. Rf3 Rc3 35. Kg4 Rxf3 36. Kxf3 Kc7 37. Kg4 Kd6 38. Kf3 Bc3 39. a3
Bb2 40. h4 Bxa3 41. h5 Bxb4 42. Kg4 Bd2 43. Kf5 b4 44. h6 Bxh6 0-1

[Event "Eastpointe (MCO/4/31)"]
[Site "?"]
[Date "1995.??.??"]
[Round "?"]
[White "Renauer, D."]
[Black "Sunts, A."]
[Result "1/2-1/2"]
[WhiteElo "1605"]
[BlackElo "1605"]
[PlyCount "140"]
[EventDate "1995.??.??"]

{4/(31)} 1. e4 e5 2. Nf3 Nc6 3. b3 g6 4. Bb2 Bg7 5. Bb5 d6 6. O-O Nge7 7. d3
O-O 8. Nbd2 a6 9. Bxc6 Nxc6 10. Re1 Bd7 11. h3 b5 12. c4 b4 13. Qc2 a5 14. a4
Nd4 15. Bxd4 exd4 16. c5 Be6 17. cxd6 cxd6 18. Rac1 Rc8 19. Qb2 Rc3 20. Qb1 h6
21. e5 dxe5 22. Nxe5 Bxe5 23. Rxe5 Bf5 24. Ne4 Kg7 25. Nxc3 dxc3 26. Rd1 Qd4
27. Rxa5 Rc8 28. Qc2 Rd8 29. Qe2 c2 30. Qxc2 Bxd3 31. Qc5 Qc3 32. Qe7 Rf8 33.
Qe5+ Qxe5 34. Rxe5 Bc2 35. Rd4 Bxb3 36. Rxb4 Be6 37. a5 Kf6 38. Rc5 Rd8 39.
Rcb5 Ra8 40. Ra4 Kg7 41. a6 Bd7 42. Rba5 Bxa4 43. Rxa4 Ra7 44. Ra5 Kf6 45. f3
h5 46. g4 h4 47. Kf2 Ke6 48. f4 f6 49. Kf3 Kd6 50. Ke4 Kc6 51. f5 Re7+ 52. Kf4
g5+ 53. Kf3 Ra7 54. Ke4 Kb6 55. Ra3 Re7+ 56. Kf3 Ka7 57. Ra5 Rc7 58. Ra4 Rc3+
59. Kg2 Rc2+ 60. Kf3 Rc3+ 61. Kg2 Rg3+ 62. Kh2 Rb3 63. Kg2 Rb6 64. Kf3 Rb3+ 65.
Kg2 Rb6 66. Kf3 Rb5 67. Kg2 Re5 68. Kf3 Rb5 69. Kg2 Rb3 70. Ra2 Rb6 1/2-1/2

[Event "East Lansing (MOR/3/47)"]
[Site "?"]
[Date "1995.??.??"]
[Round "?"]
[White "Renauer, D."]
[Black "Mitchell, Dave"]
[Result "1-0"]
[WhiteElo "1605"]
[BlackElo "1605"]
[PlyCount "47"]
[EventDate "1995.??.??"]

{3/(47)} 1. e4 c6 2. d4 d5 3. Nc3 dxe4 4. Nxe4 Nf6 5. Nxf6+ gxf6 6. Nf3 Bg4 7.
Be2 Nd7 8. O-O e6 9. h3 Bh5 10. Bf4 Rg8 11. Qd2 Bxf3 12. Bxf3 f5 13. Rfe1 Qh4
14. Bg3 Qf6 15. d5 cxd5 16. Qxd5 Bc5 17. Qxb7 Rb8 18. Bxb8 Ke7 19. Rad1 Bxf2+
20. Kxf2 Qh4+ 21. Ke2 Qc4+ 22. Kf2 Qxc2+ 23. Be2 Rxb8 24. Rxd7+ 1-0

[Event "Eastpointe (MCO/1/32)"]
[Site "?"]
[Date "1995.??.??"]
[Round "?"]
[White "Renauer, D."]
[Black "McCarter, Robert"]
[Result "0-1"]
[WhiteElo "1605"]
[BlackElo "1760"]
[PlyCount "52"]
[EventDate "1995.??.??"]

{1/(32)} 1. e4 c5 2. Nf3 d6 3. d4 cxd4 4. Nxd4 Nf6 5. Nc3 a6 6. Bd3 Nc6 7. Nxc6
bxc6 8. O-O e6 9. Qf3 Bb7 10. Re1 Nd7 11. Bd2 g6 12. Qg3 Ne5 13. Bg5 Be7 14.
Bf4 Nxd3 15. Qxd3 O-O 16. Rad1 d5 17. Qe3 Bf6 18. Rd2 Qa5 19. a3 Rfd8 20. Red1
e5 21. Bg3 d4 22. Qf3 Bg5 23. Rd3 dxc3 24. Rxc3 Rxd1+ 25. Qxd1 Rd8 26. Rd3 Rxd3
0-1

[Event "East Lansing (MOR/4/42)"]
[Site "?"]
[Date "1995.??.??"]
[Round "?"]
[White "Renauer, D."]
[Black "Cowans, Winston"]
[Result "0-1"]
[WhiteElo "1605"]
[BlackElo "1605"]
[PlyCount "64"]
[EventDate "1995.??.??"]

{4/(42)} 1. e4 c5 2. Nf3 d6 3. d4 cxd4 4. Nxd4 Nf6 5. Nc3 g6 6. Bc4 Bg7 7. O-O
O-O 8. Bg5 Nxe4 9. Nxe4 d5 10. Qd3 dxc4 11. Qxc4 Qxd4 12. Qxd4 Bxd4 13. Bxe7
Re8 14. Nf6+ Bxf6 15. Bxf6 Nc6 16. Rfe1 Bf5 17. Rxe8+ Rxe8 18. c3 Re6 19. Bh4
Re2 20. h3 Rxb2 21. Bf6 Re2 22. Rb1 Bxb1 23. Kf1 Bd3 24. a3 Re6+ 25. Kg1 Rxf6
26. g4 Rf3 27. Kg2 Be2 28. h4 Ne5 29. g5 Rxc3 30. f3 Rxa3 31. Kg3 Rxf3+ 32. Kg2
a5 0-1

[Event "Eastpointe (MCO/3/35)"]
[Site "?"]
[Date "1995.??.??"]
[Round "?"]
[White "Renauer, D."]
[Black "Cooper, A."]
[Result "1-0"]
[WhiteElo "1605"]
[BlackElo "1605"]
[PlyCount "85"]
[EventDate "1995.??.??"]

{3/(35)} 1. e4 e6 2. b3 d5 3. Nc3 dxe4 4. Nxe4 Nd7 5. d4 Ngf6 6. Bg5 Be7 7. Nf3
Nxe4 8. Bxe7 Qxe7 9. Qd3 Ndf6 10. Be2 O-O 11. O-O b6 12. Rfe1 Bb7 13. Rad1 Rfd8
14. Qc4 Nd5 15. Nd2 Nec3 16. Ra1 Qd6 17. Bf3 c5 18. Ne4 Nxe4 19. Bxe4 Rac8 20.
Rad1 cxd4 21. Qxd4 Ba6 22. Qa4 Bb7 23. Qxa7 Rb8 24. c4 Qb4 25. cxd5 Qa5 26.
Qxa5 bxa5 27. d6 Bxe4 28. Rxe4 Rb5 29. f3 Rd5 30. Rxd5 exd5 31. Re7 h6 32. d7
Kf8 33. Re8+ Rxe8 34. dxe8=Q+ Kxe8 35. Kf2 Kd7 36. Ke3 Kc6 37. Kd4 Kd6 38. a3
f6 39. b4 a4 40. g4 g5 41. b5 Kc7 42. Kxd5 Kd7 43. b6 1-0

[Event "Ann Arbor (MI Women/2/3)"]
[Site "?"]
[Date "1995.??.??"]
[Round "?"]
[White "Raupp, Sarah"]
[Black "Stinson, Darlene"]
[Result "0-1"]
[WhiteElo "1605"]
[BlackElo "1605"]
[PlyCount "68"]
[EventDate "1995.??.??"]

{2/(3)} 1. f4 g6 2. e3 Bg7 3. Nf3 Nc6 4. Nc3 a6 5. d4 d6 6. b3 e5 7. Bb2 exf4
8. exf4 Qe7+ 9. Be2 Nf6 10. O-O Qe3+ 11. Kh1 Qxf4 12. Qd3 O-O 13. Rae1 Ng4 14.
g3 Qh6 15. Bc1 Qh5 16. Nh4 Nxd4 17. Bxg4 Bxg4 18. Nd5 Qxd5+ 19. Kg1 Qc6 20. Re4
Bh3 21. Rfe1 Nxc2 22. R1e2 Nd4 23. Bb2 Nxe2+ 24. Rxe2 Qc5+ 25. Re3 Bxb2 26. Kf2
Rfe8 27. Kf3 Bg4+ 28. Kxg4 Rxe3 29. Qxe3 Qxe3 30. Kh3 Qe6+ 31. g4 Qe3+ 32. Kg2
Bd4 33. Nf5 Qf2+ 34. Kh1 Qg1# 0-1

[Event "Ann Arbor (MI Women/4/3)"]
[Site "?"]
[Date "1995.??.??"]
[Round "?"]
[White "Raupp, Sarah"]
[Black "Raupp, Christine"]
[Result "1/2-1/2"]
[WhiteElo "1605"]
[BlackElo "1605"]
[PlyCount "96"]
[EventDate "1995.??.??"]

{4/(3)} 1. f4 e5 2. fxe5 d6 3. exd6 Bxd6 4. Nf3 g5 5. d4 g4 6. Nfd2 g3 7. Nc3
gxh2 8. Nde4 Qh4+ 9. Kd2 Bf4+ 10. e3 Bg4 11. Be2 Bxe3+ 12. Kd3 Bxe2+ 13. Qxe2
Bg1 14. Ng5+ Kf8 15. Nf3 Qg3 16. Ne4 Qg4 17. Nxg1 hxg1=Q 18. Rxg1 Qxe2+ 19.
Kxe2 Nc6 20. Bf4 Nxd4+ 21. Kd3 Rd8 22. Kc3 Ne2+ 23. Kc4 Nxf4 24. g3 Ne6 25. Rg2
Rd4+ 26. Kc3 Rxe4 27. Rd1 Nf6 28. Kd3 Rd4+ 29. Ke2 Rxd1 30. Kxd1 Kg7 31. Ke2
Rd8 32. g4 Nf4+ 33. Kf3 Nxg2 34. Kxg2 Nxg4 35. c4 c5 36. b3 f5 37. a4 a5 38.
Kf3 Rd3+ 39. Kf4 Kg6 40. b4 h5 41. b5 h4 42. b6 Rd6 43. Kf3 h3 44. Kg3 Rd3+ 45.
Kf4 Rd4+ 46. Kg3 f4+ 47. Kh4 h2 48. Kxg4 h1=Q 1/2-1/2

[Event "Ann Arbor (MI Womnn/2/2)"]
[Site "?"]
[Date "1995.??.??"]
[Round "?"]
[White "Raupp, Helene"]
[Black "Raupp, Christine"]
[Result "1-0"]
[WhiteElo "1605"]
[BlackElo "1605"]
[PlyCount "57"]
[EventDate "1995.??.??"]

{2/(2)} 1. f4 e5 2. fxe5 d6 3. exd6 Bxd6 4. Nf3 g5 5. g3 g4 6. Nh4 Ne7 7. d4
Ng6 8. Nxg6 hxg6 9. Qd3 Nc6 10. c3 Bf5 11. e4 Qe7 12. Bg2 O-O-O 13. Bf4 Rhe8
14. Nd2 g5 15. Bxd6 Rxd6 16. O-O-O Bg6 17. Rhe1 f5 18. exf5 Qxe1 19. Rxe1 Rxe1+
20. Kc2 Nb4+ 21. cxb4 Rc6+ 22. Bxc6 bxc6 23. fxg6 Re7 24. Qf5+ Kb7 25. Qxg5 Rg7
26. a4 Kb6 27. Nc4+ Ka6 28. Qxg4 Re7 29. Qc8# 1-0

[Event "Ann Arbor (MI Women/4/2)"]
[Site "?"]
[Date "1995.??.??"]
[Round "?"]
[White "Raupp, Helene"]
[Black "Jackson, K."]
[Result "0-1"]
[WhiteElo "1605"]
[BlackElo "1605"]
[PlyCount "94"]
[EventDate "1995.??.??"]

{4/(2)} 1. f4 e6 2. e4 d5 3. e5 c5 4. Nf3 Nc6 5. Bb5 Bd7 6. Bxc6 Bxc6 7. d4 Qb6
8. b3 cxd4 9. Qxd4 Bc5 10. Qd3 Rd8 11. Nc3 Ne7 12. a4 Nf5 13. Ne2 O-O 14. g4
Ne3 15. Bxe3 Bxe3 16. Ng5 g6 17. a5 Bf2+ 18. Kf1 Qe3 19. Qxe3 Bxe3 20. Rd1 d4
21. Rg1 Bxg1 22. Kxg1 h6 23. Nh3 Bf3 24. Rd2 Bxg4 25. Nf2 Bxe2 26. Rxe2 Rc8 27.
Rd2 Rfd8 28. Ne4 Kg7 29. Nd6 Rc7 30. Nb5 Rc5 31. Nxd4 Kh7 32. Nxe6 Rxd2 33.
Nxc5 b5 34. axb6 axb6 35. Nb7 Rxc2 36. Nd6 Kg8 37. b4 Rb2 38. b5 Rb4 39. f5
gxf5 40. Nxf5 Rxb5 41. Nxh6+ Kf8 42. Ng4 Rd5 43. Kf2 b5 44. h4 b4 45. h5 b3 46.
h6 b2 47. h7 Kg7 0-1

[Event "Ann Arbor (MI Women/3/4)"]
[Site "?"]
[Date "1995.??.??"]
[Round "?"]
[White "Raupp, Christine"]
[Black "Trice, Shevonne"]
[Result "1-0"]
[WhiteElo "1605"]
[BlackElo "1605"]
[PlyCount "63"]
[EventDate "1995.??.??"]

{3/(4)} 1. f4 f5 2. e3 e6 3. Nf3 Nc6 4. b3 Nf6 5. Bb2 Nd5 6. Be2 Bc5 7. O-O O-O
8. Qe1 Bb4 9. Qg3 Qe7 10. c4 Nf6 11. d3 d6 12. Nbd2 e5 13. fxe5 Bxd2 14. exf6
Bxe3+ 15. Kh1 Rxf6 16. Bxf6 Qxf6 17. Nh4 Na5 18. Qxe3 Bd7 19. Qf4 Re8 20. Nxf5
Qxf5 21. Qd2 Qe5 22. Rae1 Bc6 23. d4 Qe6 24. d5 Qe7 25. dxc6 Nxc6 26. c5 dxc5
27. Bc4+ Kh8 28. Rxe7 Nxe7 29. Qf4 Ng6 30. Qf7 Rf8 31. Qxf8+ Nxf8 32. Rxf8# 1-0

[Event "Ann Arbor (MI Women/1/5)"]
[Site "?"]
[Date "1995.??.??"]
[Round "?"]
[White "Raupp, Christine"]
[Black "Mason, B."]
[Result "1-0"]
[WhiteElo "1605"]
[BlackElo "1605"]
[PlyCount "37"]
[EventDate "1995.??.??"]

{1/(5)} 1. f4 Nc6 2. e3 Nf6 3. Nf3 d5 4. Bb5 a6 5. Bxc6+ bxc6 6. O-O e6 7. b3
Be7 8. Bb2 O-O 9. Ne5 Bb7 10. d3 a5 11. Nd2 c5 12. Qe1 Ra6 13. Rf3 a4 14. Rh3
axb3 15. cxb3 c6 16. Qg3 Qa5 17. Ndf3 Re8 18. Nd7 Nxd7 19. Qxg7# 1-0

[Event "Troy (US Am N/1/42)"]
[Site "?"]
[Date "1995.??.??"]
[Round "?"]
[White "Ratkos, J."]
[Black "Libby, Dan"]
[Result "0-1"]
[WhiteElo "1605"]
[BlackElo "1695"]
[PlyCount "100"]
[EventDate "1995.??.??"]

{1/(42)} 1. e4 c5 2. Nc3 Nc6 3. Nf3 g6 4. Be2 Bg7 5. O-O Nf6 6. d3 O-O 7. Be3
d5 8. exd5 Nxd5 9. Nxd5 Qxd5 10. c3 b6 11. Re1 Bb7 12. d4 cxd4 13. Bxd4 Nxd4
14. cxd4 Rad8 15. Bf1 e6 16. Qd2 Bxd4 17. Nxd4 e5 18. Nb3 Qxd2 19. Nxd2 Rxd2
20. Rxe5 Rxb2 21. Re7 Rb8 22. Bc4 Kg7 23. Rxf7+ Kh6 24. h3 b5 25. Bb3 a5 26.
Rd1 a4 27. Be6 Re8 28. Rxb7 Rxe6 29. Ra1 Ree2 30. Rf1 b4 31. g3 Rec2 32. Kg2
Rc3 33. Ra1 Ra3 34. Rb5 b3 35. Rb4 Raxa2 36. Rxa2 Rxa2 37. Rh4+ Kg7 38. Rb4 b2
39. Rb7+ Kh6 40. Rb4 a3 41. Rh4+ Kg7 42. Rb4 Ra1 43. Rb7+ Kh6 44. Rb4 b1=Q 45.
Rh4+ Kg7 46. Kf3 Qd3+ 47. Kf4 h6 48. Rh5 gxh5 49. Ke5 Re1+ 50. Kf4 Qe4# 0-1

[Event "Troy (US Am N/6/36)"]
[Site "?"]
[Date "1995.??.??"]
[Round "?"]
[White "Ratkos, J."]
[Black "Distefano, R."]
[Result "0-1"]
[WhiteElo "1605"]
[BlackElo "1605"]
[PlyCount "36"]
[EventDate "1995.??.??"]

{6/(36)} 1. e4 c5 2. Nc3 Nc6 3. g3 g6 4. Bg2 Bg7 5. Nge2 d6 6. O-O a6 7. b3 Bd7
8. Bb2 Rb8 9. Re1 b5 10. a4 b4 11. Rb1 bxc3 12. dxc3 Nf6 13. f4 O-O 14. Bf3 Bg4
15. Bxg4 Nxg4 16. h3 Nf6 17. e5 dxe5 18. fxe5 Nd5 0-1

[Event "Troy (US Am N/4/37)"]
[Site "?"]
[Date "1995.??.??"]
[Round "?"]
[White "Ratkos, J."]
[Black "Bezrutch, B."]
[Result "1/2-1/2"]
[WhiteElo "1605"]
[BlackElo "1605"]
[PlyCount "105"]
[EventDate "1995.??.??"]

{4/(37)} 1. e4 e5 2. Nf3 Nc6 3. d4 exd4 4. Nxd4 d6 5. Nxc6 bxc6 6. Qf3 Be7 7.
Bc4 Be6 8. Bxe6 fxe6 9. O-O Bf6 10. Nd2 Ne7 11. c3 O-O 12. Qh3 Qc8 13. Nb3 c5
14. Rd1 Ng6 15. Be3 Rb8 16. Rab1 Qe8 17. g3 Qf7 18. Rd2 Ne5 19. Re2 Nf3+ 20.
Kf1 Rbe8 21. Bf4 Qg6 22. Qg2 Ne5 23. Bxe5 Bxe5 24. f4 Bf6 25. Kg1 d5 26. Nxc5
dxe4 27. Qxe4 e5 28. Qxg6 hxg6 29. fxe5 Rxe5 30. Rxe5 Bxe5 31. Nd7 Rf5 32. Nxe5
Rxe5 33. Rd1 Re2 34. Rd8+ Kh7 35. Ra8 Rxb2 36. Rxa7 Rc2 37. Rxc7 Rxa2 38. Rd7
Rc2 39. Rd3 Kh6 40. h3 Kg5 41. Kf1 Kf5 42. Ke1 Rh2 43. Kd1 Rxh3 44. c4 Rh1+ 45.
Ke2 Rc1 46. Rd4 Rc3 47. g4+ Ke6 48. Kd2 Rf3 49. c5 Rf6 50. Ke3 Kf7 51. Ra4 Rc6
52. Kd4 Ke6 53. Rb4 {[Remainder illegible; 1/2-1/2, 73?]} 1/2-1/2

[Event "Eastpointe (EDO/3/2)"]
[Site "?"]
[Date "1995.??.??"]
[Round "?"]
[White "Rajlich, Vasik"]
[Black "al-Shareef, Robert"]
[Result "1-0"]
[WhiteElo "2205"]
[BlackElo "1630"]
[PlyCount "49"]
[EventDate "1995.??.??"]

{3/(2)} 1. e4 c5 2. Nf3 d6 3. d4 cxd4 4. Nxd4 Nf6 5. Nc3 a6 6. Bg5 Nbd7 7. f4
e6 8. Qf3 Be7 9. Bc4 h6 10. Bh4 Qc7 11. Bxe6 Nc5 12. Bxf6 Bxf6 13. Nd5 Qd8 14.
Bxc8 Rxc8 15. O-O-O O-O 16. Nf5 Ne6 17. e5 dxe5 18. Nde7+ Bxe7 19. Rxd8 Bxd8
20. fxe5 Bg5+ 21. Kb1 g6 22. h4 Bd8 23. Nxh6+ Kg7 24. h5 Rxc2 25. Nf5+ 1-0